000 00306nam a2200145Ia 4500
100 _aDalarcao H.T
942 _cBK
654 _aPASCAL
245 _aProblem solving with PASCAL
260 _bMacmillan
_aSigapore
_c1988
082 _a001.6424P
_bALA
300 _a768
546 _aENGLISH
999 _c25683
_d25683